[Event "Olimpiada Dresden 2008 Femenina"]
[Site "Dresden GER"]
[Date "2008.11.19"]
[Round "6.20"]
[White "Tilenbaeva, Janyl"]
[Black "Fierro Baquero, Martha L"]
[Result "0-1"]
[WhiteElo "2037"]
[BlackElo "2361"]
[PlyCount "64"]
[EventDate "2008.11.13"]
[EventType "team-tourn"]
[EventRounds "11"]
[EventCountry "GER"]
[Source "lmi"]
[SourceDate "2008.11.13"]
[WhiteTeam "Kyrgyzstan"]
[BlackTeam "Ecuador"]
[WhiteTeamCountry "KGZ"]
[BlackTeamCountry "ECU"]

1. e4 c5 2. Nf3 g6 3. Nc3 Bg7 4. Bc4 Nc6 5. d3 d6 6. Be3 Nf6 7. Qd2 O-O 8. Bh6
e6 9. O-O d5 10. exd5 exd5 11. Bxg7 Kxg7 12. Bb5 Ne7 13. a3 a6 14. Ba4 c4 15.
Rad1 Qc7 16. Nd4 b5 17. Bxb5 axb5 18. Ncxb5 Qc5 19. Rfe1 Nf5 20. dxc4 dxc4 21.
Qg5 Rb8 22. Nc3 Qb6 23. Ndb5 Ba6 24. a4 Bxb5 25. Nxb5 Rfe8 26. Rxe8 Rxe8 27. g4
h6 28. Qf4 Re4 29. Qf3 Nh4 30. Qc3 Rxg4+ 31. Kf1 Qb7 32. f3 Rf4 0-1

[Event "Olimpiada Dresden 2008 Femenina"]
[Site "Dresden GER"]
[Date "2008.11.19"]
[Round "6.20"]
[White "Vasquez Ramirez, Rocio"]
[Black "Ostry, Irina"]
[Result "0-1"]
[WhiteElo "2284"]
[BlackElo "2183"]
[PlyCount "118"]
[EventDate "2008.11.13"]
[EventType "team-tourn"]
[EventRounds "11"]
[EventCountry "GER"]
[Source "lmi"]
[SourceDate "2008.11.13"]
[WhiteTeam "Ecuador"]
[BlackTeam "Kyrgyzstan"]
[WhiteTeamCountry "ECU"]
[BlackTeamCountry "KGZ"]

1. e4 c6 2. d3 d5 3. Nd2 g6 4. g3 Bg7 5. Bg2 Nf6 6. e5 Ng4 7. d4 f6 8. h3 Nh6
9. Ndf3 O-O 10. Ne2 Nf7 11. exf6 exf6 12. O-O Re8 13. Nf4 Nd7 14. Nd3 Nf8 15.
c3 Bf5 16. Nh2 Qc8 17. g4 Be4 18. f3 Bxd3 19. Qxd3 Qe6 20. Bd2 Qe2 21. Qc2 Qa6
22. a4 Nd6 23. Rfe1 Rxe1+ 24. Rxe1 Re8 25. Rxe8 Nxe8 26. Kf2 Qb6 27. Nf1 a5 28.
Ng3 Nd6 29. h4 Nc4 30. Bc1 Ne5 31. Bf1 Nf7 32. Bd3 Bh6 33. f4 Qc7 34. Kf3 Nd6
35. h5 gxh5 36. Nxh5 Qe7 37. Ng3 Bg7 38. b3 Ne8 39. Be3 Nd6 40. c4 Nf7 41. c5
Nh6 42. Qe2 Qc7 43. Bc1 b6 44. Ba3 Nf7 45. Nf5 Ng6 46. Qe8+ Bf8 47. cxb6 Qxb6
48. Ne7+ Kg7 49. Nf5+ Kg8 50. Ne7+ Kg7 51. g5 Qxb3 52. gxf6+ Kxf6 53. Qxc6+ Kg7
54. Nf5+ Kg8 55. Bxf8 Qxd3+ 56. Kg4 Qe2+ 57. Kg3 Qe1+ 58. Kf3 Qe4+ 59. Kg4
Qxf4+ 0-1

[Event "Olimpiada Dresden 2008 Femenina"]
[Site "Dresden GER"]
[Date "2008.11.19"]
[Round "6.20"]
[White "Shyngys Kyzy, Aijarkyn"]
[Black "Moncayo Romero, Evelyn"]
[Result "0-1"]
[WhiteElo "1707"]
[BlackElo "2142"]
[PlyCount "126"]
[EventDate "2008.11.13"]
[EventType "team-tourn"]
[EventRounds "11"]
[EventCountry "GER"]
[Source "lmi"]
[SourceDate "2008.11.13"]
[WhiteTeam "Kyrgyzstan"]
[BlackTeam "Ecuador"]
[WhiteTeamCountry "KGZ"]
[BlackTeamCountry "ECU"]

1. Nf3 c5 2. c4 Nf6 3. g3 g6 4. Bg2 d5 5. cxd5 Nxd5 6. Nc3 Nxc3 7. bxc3 Bg7 8.
Rb1 O-O 9. O-O Qc7 10. c4 Bd7 11. d3 Bc6 12. Qc2 b6 13. Bd2 Re8 14. Rfc1 Nd7
15. Ne1 Bxg2 16. Nxg2 Nb8 17. Bf4 Qc8 18. Bxb8 Rxb8 19. Rb5 a6 20. Rb3 Qc6 21.
Rcb1 Rb7 22. Ne3 e6 23. Nd1 h5 24. Qc1 Reb8 25. Nc3 b5 26. cxb5 axb5 27. a4
Bxc3 28. axb5 Rxb5 29. Qxc3 Rxb3 30. Rxb3 Rxb3 31. Qxb3 Qd6 32. h4 Qd4 33. Qa2
Qc3 34. Kg2 Kg7 35. Qa4 Qe5 36. Qc2 Qd4 37. Kg1 Qa1+ 38. Kg2 Qd4 39. e3 Qd5+
40. Kf1 Qe5 41. Ke2 Kg8 42. Kd2 Qf5 43. Ke1 Qe5 44. Ke2 Qd5 45. Qa4 Qe5 46. Qb3
Qa1 47. Qb8+ Kg7 48. Qb3 Qe5 49. Kd2 Kg8 50. Qb5 Qd5 51. Ke1 Qh1+ 52. Kd2 Qf1
53. Qb8+ Kg7 54. Qe5+ Kg8 55. Qb8+ Kh7 56. Qf4 Kg8 57. Qb8+ Kh7 58. Qf4 Kg8 59.
Qb8+ Kh7 60. Qf4 Kg8 61. Qb8+ Kh7 62. Qf4 Kg8 63. Qb8+ Kh7 0-1

[Event "Olimpiada Dresden 2008 Femenina"]
[Site "Dresden GER"]
[Date "2008.11.19"]
[Round "6.20"]
[White "Rojas Solano, Jessenia"]
[Black "Tilenbaeva, Bartygul"]
[Result "1-0"]
[WhiteElo "1959"]
[BlackElo "2080"]
[PlyCount "99"]
[EventDate "2008.11.13"]
[EventType "team-tourn"]
[EventRounds "11"]
[EventCountry "GER"]
[Source "lmi"]
[SourceDate "2008.11.13"]
[WhiteTeam "Ecuador"]
[BlackTeam "Kyrgyzstan"]
[WhiteTeamCountry "ECU"]
[BlackTeamCountry "KGZ"]

1. Nf3 Nc6 2. d4 Nf6 3. c4 d6 4. Nc3 g6 5. e4 Bg7 6. d5 Ne5 7. Nxe5 dxe5 8. Be2
O-O 9. Be3 h6 10. O-O Kh7 11. Kh1 b6 12. b4 e6 13. Rc1 Ne8 14. f3 f5 15. Qc2 f4
16. Bf2 Qe7 17. c5 a5 18. a3 axb4 19. axb4 Rf7 20. Ra1 Rxa1 21. Rxa1 bxc5 22.
bxc5 Nf6 23. Ra7 exd5 24. exd5 Bf5 25. Bd3 Bxd3 26. Qxd3 Qd8 27. Qc4 Rf8 28. c6
Re8 29. Bc5 Qb8 30. Rb7 Qc8 31. Ne4 Nxe4 32. Qxe4 Rg8 33. d6 cxd6 34. Bxd6 Rd8
35. Bc5 Rd1+ 36. Bg1 Rc1 37. Re7 Rxc6 38. Qxe5 Qf8 39. h3 Rf6 40. Qc7 Kh8 41.
Rd7 Re6 42. Rf7 Qg8 43. Qd7 Rd6 44. Qc7 Rd1 45. Kh2 g5 46. Bb6 Re1 47. Ba5 Re3
48. Rd7 h5 49. Bd2 Be5 50. Bxe3 1-0

[Event "Olimpiada Dresden 2008 Femenina"]
[Site "Dresden GER"]
[Date "2008.11.19"]
[Round "6.21"]
[White "Yuan, Yuanling"]
[Black "Esquivel De Leon, Aurora"]
[Result "1-0"]
[WhiteElo "2157"]
[BlackElo "2037"]
[PlyCount "81"]
[EventDate "2008.11.13"]
[EventType "team-tourn"]
[EventRounds "11"]
[EventCountry "GER"]
[Source "lmi"]
[SourceDate "2008.11.13"]
[WhiteTeam "Canadá"]
[BlackTeam "México"]
[WhiteTeamCountry "CAN"]
[BlackTeamCountry "MEX"]

1. e4 e5 2. Nf3 Nc6 3. Nc3 Nf6 4. Bb5 Bb4 5. O-O O-O 6. Bxc6 bxc6 7. Nxe5 Bxc3
8. dxc3 Re8 9. Bf4 Nxe4 10. Qd4 d6 11. Nxc6 Qd7 12. Qd5 Bb7 13. Ne7+ Qxe7 14.
Qxb7 Rab8 15. Qc6 Rb6 16. Qc4 Rxb2 17. Rae1 Qe6 18. Qxc7 Rc8 19. Qxa7 Qf5 20.
Qa4 d5 21. f3 Nf6 22. Rf2 h6 23. Be5 Nd7 24. Bd4 Nf8 25. Qa6 Qd7 26. Rd2 Ne6
27. Be5 Nc5 28. Qa3 Qb7 29. h3 Ne6 30. Qa5 Rc5 31. Qa4 Rc4 32. Qa5 Rc5 33. Qa3
Rb1 34. Rdd1 Rb2 35. c4 Rxc2 36. Rb1 Qd7 37. Rb8+ Rc8 38. Rxc8+ Qxc8 39. cxd5
Ng5 40. f4 Qf5 41. Qg3 1-0

[Event "Olimpiada Dresden 2008 Femenina"]
[Site "Dresden GER"]
[Date "2008.11.19"]
[Round "6.21"]
[White "Hernandez Guerrero, Yadira"]
[Black "Kagramanov, Dina"]
[Result "0-1"]
[WhiteElo "2228"]
[BlackElo "2118"]
[PlyCount "108"]
[EventDate "2008.11.13"]
[EventType "team-tourn"]
[EventRounds "11"]
[EventCountry "GER"]
[Source "lmi"]
[SourceDate "2008.11.13"]
[WhiteTeam "México"]
[BlackTeam "Canadá"]
[WhiteTeamCountry "MEX"]
[BlackTeamCountry "CAN"]

1. e4 c5 2. Nf3 d6 3. Bb5+ Nd7 4. d4 Ngf6 5. O-O a6 6. Bxd7+ Nxd7 7. Nc3 cxd4
8. Qxd4 e6 9. Rd1 Qa5 10. Bf4 e5 11. Qc4 exf4 12. Nd5 Rb8 13. b4 Qa4 14. Nd4
Be7 15. a3 Bd8 16. Nf5 O-O 17. Nfe7+ Bxe7 18. Nxe7+ Kh8 19. Rxd6 Ne5 20. Qc7
Bg4 21. f3 Bd7 22. Rd5 Nc4 23. Rxd7 h6 24. Rd3 Qxc2 25. Rad1 Rbe8 26. Nf5 b5
27. Nd6 Re6 28. Nxc4 bxc4 29. R3d2 Qb3 30. Qc5 Ree8 31. Rc1 Rc8 32. Qd4 c3 33.
Rdc2 Rfd8 34. Qe5 Rd1+ 35. Rxd1 Qxc2 36. Qd6 Qb3 37. Qd7 Qc4 38. Rc1 c2 39. Qd2
g5 40. h4 Kg7 41. Kh2 Rc7 42. Kg1 f6 43. h5 Kf7 44. Kh2 Ke7 45. Kg1 Qb3 46. Kh2
Rc6 47. Kg1 Qe3+ 48. Qxe3 fxe3 49. Kf1 Kd6 50. Ke2 Rc3 51. g3 Ke5 52. a4 Kd4
53. b5 axb5 54. axb5 Kc5 0-1

[Event "Olimpiada Dresden 2008 Femenina"]
[Site "Dresden GER"]
[Date "2008.11.19"]
[Round "6.21"]
[White "Smith, Hazel"]
[Black "Guerrero Rodriguez, Alejandra"]
[Result "0-1"]
[WhiteElo "2057"]
[BlackElo "2143"]
[PlyCount "151"]
[EventDate "2008.11.13"]
[EventType "team-tourn"]
[EventRounds "11"]
[EventCountry "GER"]
[Source "lmi"]
[SourceDate "2008.11.13"]
[WhiteTeam "Canadá"]
[BlackTeam "México"]
[WhiteTeamCountry "CAN"]
[BlackTeamCountry "MEX"]

1. e4 e5 2. Nf3 Nc6 3. Bb5 a6 4. Bxc6 dxc6 5. O-O Bg4 6. h3 h5 7. d3 Qf6 8.
Nbd2 Bc5 9. Nc4 Bxf3 10. Qxf3 Qxf3 11. gxf3 f6 12. Be3 Bf8 13. a4 O-O-O 14.
Rfd1 Nh6 15. Kf1 Nf7 16. Ke2 Nd6 17. Na5 Nf7 18. Rg1 g5 19. c3 c5 20. Rab1 b6
21. Nc4 a5 22. Bd2 Rd7 23. Ne3 Be7 24. Rgc1 Nd8 25. Nf5 Ne6 26. Be3 Rhd8 27.
Rd1 h4 28. Rd2 Bf8 29. Rbd1 Kb7 30. d4 cxd4 31. cxd4 Bb4 32. d5 Ng7 33. Nxg7
Bxd2 34. Ne6 Bb4 35. Nxd8+ Rxd8 36. Kd3 Be7 37. Kc4 Ka6 38. Rc1 Rd6 39. Rc3 c6
40. Rd3 c5 41. Bd2 Kb7 42. Bc3 Rd8 43. Rd1 Kc7 44. f4 exf4 45. e5 fxe5 46.
Bxe5+ Bd6 47. Re1 Bxe5 48. Rxe5 g4 49. hxg4 Rh8 50. Re1 h3 51. Rh1 Kd6 52. g5
Ke5 53. g6 Kf6 54. d6 Kxg6 55. Kd5 Kg5 56. d7 Kg4 57. Kc6 Kf3 58. Rxh3+ Rxh3
59. d8=Q Kxf2 60. Qd2+ Kg3 61. Qd6 Rh2 62. Qe5 Rh6+ 63. Kc7 Rg6 64. Kd7 Kg4 65.
Qe4 Rh6 66. Ke7 Rh2 67. Qg6+ Kf3 68. Qxb6 c4 69. Qxa5 Re2+ 70. Kf6 Kf2 71. Qc5+
Kg2 72. Qg5+ Kf3 73. Kf5 Ke3 74. Qxf4+ Kd3 75. Qf3+ Kd2 76. Qc3+ 0-1

[Event "Olimpiada Dresden 2008 Femenina"]
[Site "Dresden GER"]
[Date "2008.11.19"]
[Round "6.22"]
[White "Dauletova, Gulmira"]
[Black "Sahl, Sheila Barth"]
[Result "1-0"]
[WhiteElo "2253"]
[BlackElo "2219"]
[PlyCount "214"]
[EventDate "2008.11.13"]
[EventType "team-tourn"]
[EventRounds "11"]
[EventCountry "GER"]
[Source "lmi"]
[SourceDate "2008.11.13"]
[WhiteTeam "Kazajstán"]
[BlackTeam "Noruega"]
[WhiteTeamCountry "KAZ"]
[BlackTeamCountry "NOR"]

1. d4 d5 2. Nf3 Nf6 3. c4 c6 4. e3 Bg4 5. h3 Bxf3 6. Qxf3 e6 7. Bd3 Nbd7 8. O-O
Bd6 9. Rd1 O-O 10. Nc3 Qe7 11. Qe2 dxc4 12. Bxc4 e5 13. d5 e4 14. dxc6 bxc6 15.
Qc2 Rad8 16. Bf1 Rfe8 17. Bd2 h5 18. Ne2 c5 19. Bc3 Nb6 20. Nf4 Bxf4 21. exf4
Nfd5 22. Bd2 Nb4 23. Bxb4 cxb4 24. Rxd8 Rxd8 25. Re1 Rd4 26. h4 f5 27. g3 Qd6
28. Rc1 Rd2 29. Qb3+ Qd5 30. Qxb4 Kh7 31. Rc5 Qd6 32. Rb5 Qxb4 33. Rxb4 Nd5 34.
Rb7 e3 35. fxe3 Nxe3 36. Re7 Nxf1 37. Kxf1 Rxb2 38. Rxa7 Kh6 39. Ra6+ g6 40.
Ra7 Rc2 41. a4 Rc1+ 42. Kf2 Rc2+ 43. Ke1 Rg2 44. a5 Rxg3 45. a6 Ra3 46. Kd2 Ra1
47. Kc3 Ra5 48. Kb4 Ra1 49. Kb5 Rb1+ 50. Kc5 Ra1 51. Kb6 Rb1+ 52. Kc7 Rc1+ 53.
Kb8 Ra1 54. Ra8 Ra4 55. Ra7 Rxf4 56. Rc7 Rxh4 57. a7 Ra4 58. Rc4 Rxa7 59. Kxa7
Kg5 60. Kb6 h4 61. Kc5 h3 62. Rc2 Kf4 63. Kd4 g5 64. Rc1 h2 65. Rf1+ Kg3 66.
Rxf5 h1=Q 67. Rxg5+ Kf4 68. Rc5 Qd1+ 69. Kc4 Ke4 70. Kb5 Qb3+ 71. Kc6 Kd4 72.
Rb5 Qe6+ 73. Kc7 Kc4 74. Rb6 Qe7+ 75. Kc6 Qc5+ 76. Kb7 Kd5 77. Rb3 Qc6+ 78. Kb8
Kc4 79. Rb1 Qe8+ 80. Ka7 Qd7+ 81. Ka6 Qe6+ 82. Ka7 Qf7+ 83. Ka6 Qg6+ 84. Rb6
Qe8 85. Rh6 Kc5 86. Kb7 Kb5 87. Rb6+ Kc5 88. Rh6 Qd7+ 89. Ka6 Qb5+ 90. Ka7 Kc4
91. Rh4+ Kb3 92. Rh6 Qc5+ 93. Kb7 Kb4 94. Ka6 Qg5 95. Rb6+ Ka4 96. Kb7 Qc5 97.
Rb1 Qd5+ 98. Ka7 Qf7+ 99. Rb7 Qf6 100. Rh7 Kb5 101. Rb7+ Kc5 102. Rc7+ Kd6 103.
Rh7 Kc6 104. Kb8 Qd6+ 105. Ka8 Qa3+ 106. Kb8 Qb3+ 107. Ka7 Qa2+ 1-0

[Event "Olimpiada Dresden 2008 Femenina"]
[Site "Dresden GER"]
[Date "2008.11.19"]
[Round "6.22"]
[White "Nakhbayeva, Guliskhan"]
[Black "Tjolsen, Katrine"]
[Result "0-1"]
[WhiteElo "2201"]
[BlackElo "2110"]
[PlyCount "124"]
[EventDate "2008.11.13"]
[EventType "team-tourn"]
[EventRounds "11"]
[EventCountry "GER"]
[Source "lmi"]
[SourceDate "2008.11.13"]
[WhiteTeam "Kazajstán"]
[BlackTeam "Noruega"]
[WhiteTeamCountry "KAZ"]
[BlackTeamCountry "NOR"]

1. d4 d5 2. c4 c6 3. Nf3 Nf6 4. Nc3 e6 5. Bg5 dxc4 6. e4 b5 7. e5 h6 8. Bh4 g5
9. Nxg5 hxg5 10. Bxg5 Nbd7 11. g3 Bb7 12. Bg2 Qb6 13. exf6 O-O-O 14. O-O c5 15.
d5 b4 16. Na4 Qa6 17. a3 Bxd5 18. Bxd5 Ne5 19. axb4 Rxd5 20. Qe2 cxb4 21. Be3
Ra5 22. b3 c3 23. Qxa6+ Rxa6 24. Ra2 Kb7 25. Rd1 Rd6 26. Nc5+ Ka8 27. Rda1 Nc6
28. Ne4 Rd7 29. Ra6 Rc7 30. Kg2 Bh6 31. f4 e5 32. Nd6 Nd4 33. Bxd4 exd4 34. Nb5
Rd7 35. Nxd4 Rc8 36. Nc6 Rcc7 37. Rb6 Rc8 38. Nxb4 c2 39. Rc6 Rxc6 40. Nxc6 Rc7
41. Ne5 c1=Q 42. Rxc1 Rxc1 43. Nxf7 Bf8 44. g4 Rc2+ 45. Kg3 Rc3+ 46. Kh4 Rxb3
47. g5 a5 48. g6 a4 49. Nd8 Rb8 50. Nc6 Rc8 51. f5 a3 52. Na5 a2 53. Nb3 Rc7
54. Kg5 Ka7 55. h4 Rb7 56. Na1 Rb1 57. g7 Bxg7 58. fxg7 Rxa1 59. Kf6 Rg1 60.
Kf7 a1=Q 61. f6 Qa2+ 62. Kf8 Qa3+ 0-1

[Event "Olimpiada Dresden 2008 Femenina"]
[Site "Dresden GER"]
[Date "2008.11.19"]
[Round "6.22"]
[White "Jorgensen, Line Jin"]
[Black "Rysbayeva, Aigerim"]
[Result "0-1"]
[WhiteElo "1946"]
[BlackElo "2180"]
[PlyCount "72"]
[EventDate "2008.11.13"]
[EventType "team-tourn"]
[EventRounds "11"]
[EventCountry "GER"]
[Source "lmi"]
[SourceDate "2008.11.13"]
[WhiteTeam "Noruega"]
[BlackTeam "Kazajstán"]
[WhiteTeamCountry "NOR"]
[BlackTeamCountry "KAZ"]

1. e4 e5 2. Nf3 Nc6 3. Bb5 a6 4. Ba4 Nf6 5. O-O b5 6. Bb3 Bc5 7. c3 d6 8. a4
Rb8 9. Na3 O-O 10. d4 Bb6 11. axb5 axb5 12. Nxb5 Bg4 13. Be3 Re8 14. h3 Bh5 15.
Re1 exd4 16. cxd4 Nxe4 17. Bd5 Nb4 18. Bxe4 Rxe4 19. Qd2 Nd5 20. Nc3 Nxc3 21.
bxc3 Bxf3 22. gxf3 Re6 23. Kh2 Qf6 24. Rab1 Qxf3 25. Rg1 Rg6 26. c4 Qe4 27. c5
dxc5 28. dxc5 Rxg1 29. Rxg1 Bxc5 30. Qc3 Bd6+ 31. f4 Bxf4+ 32. Bxf4 Qxf4+ 33.
Kh1 g6 34. Ra1 Re8 35. Ra2 Qe4+ 36. Kh2 Qe5+ 0-1

[Event "Olimpiada Dresden 2008 Femenina"]
[Site "Dresden GER"]
[Date "2008.11.19"]
[Round "6.23"]
[White "Golubenko, Valentina"]
[Black "Schoene, Maria"]
[Result "1-0"]
[WhiteElo "2273"]
[BlackElo "2198"]
[PlyCount "124"]
[EventDate "2008.11.13"]
[EventType "team-tourn"]
[EventRounds "11"]
[EventCountry "GER"]
[Source "lmi"]
[SourceDate "2008.11.13"]
[WhiteTeam "Croacia"]
[BlackTeam "Alemania"]
[WhiteTeamCountry "CRO"]
[BlackTeamCountry "GER"]

1. e4 c5 2. Nf3 e6 3. g3 Nc6 4. Bg2 Nf6 5. d3 d6 6. O-O g6 7. Nc3 Bg7 8. d4
cxd4 9. Nxd4 O-O 10. Ndb5 Ne8 11. a4 a6 12. Na3 Na5 13. Be3 Qc7 14. Bd4 Nf6 15.
Qe2 e5 16. Be3 Bg4 17. Qd2 Rac8 18. h3 Be6 19. Rfd1 Rfd8 20. g4 Nc6 21. Nd5
Bxd5 22. exd5 Nd4 23. Bxd4 exd4 24. Qxd4 Re8 25. Qb4 Re5 26. c3 h5 27. Nc2 hxg4
28. hxg4 a5 29. Qf4 Re2 30. Nd4 Rxb2 31. Nb5 Qb6 32. Rab1 Rc4 33. Qe3 Qxe3 34.
fxe3 Rxb1 35. Rxb1 Rxg4 36. Nxd6 Nxd5 37. Kf2 Nxc3 38. Rxb7 Nd1+ 39. Ke2 Rxg2+
40. Kxd1 f5 41. Nc4 Bc3 42. Rb5 Kg7 43. Nxa5 Rd2+ 44. Kc1 Ra2 45. Nb3 Rxa4 46.
Kc2 Bf6 47. Nc5 Ra3 48. e4 Rf3 49. exf5 gxf5 50. Kd2 Kg6 51. Ke2 Rh3 52. Ne6
Ra3 53. Rd5 Bh4 54. Rd3 Ra2+ 55. Rd2 Ra8 56. Nf4+ Kf6 57. Kf3 Ra6 58. Nh5+ Kg5
59. Nf4 Ra3+ 60. Rd3 Ra1 61. Nh3+ Kf6 62. Rb3 Ke5 1-0

[Event "Olimpiada Dresden 2008 Femenina"]
[Site "Dresden GER"]
[Date "2008.11.19"]
[Round "6.23"]
[White "Mader, Manuela"]
[Black "Medic, Mirjana"]
[Result "1/2-1/2"]
[WhiteElo "2132"]
[BlackElo "2281"]
[PlyCount "98"]
[EventDate "2008.11.13"]
[EventType "team-tourn"]
[EventRounds "11"]
[EventCountry "GER"]
[Source "lmi"]
[SourceDate "2008.11.13"]
[WhiteTeam "Alemania"]
[BlackTeam "Croacia"]
[WhiteTeamCountry "GER"]
[BlackTeamCountry "CRO"]

1. e4 e6 2. d4 d5 3. Nc3 dxe4 4. Nxe4 Bd7 5. Nf3 Bc6 6. Bd3 Bxe4 7. Bxe4 c6 8.
c3 Nf6 9. Bd3 Nbd7 10. O-O Bd6 11. Re1 Qc7 12. Qc2 O-O 13. h3 h6 14. Qe2 Rfd8
15. Bc2 c5 16. Bb3 Nf8 17. Be3 Ng6 18. Rad1 Nf4 19. Bxf4 Bxf4 20. dxc5 Qxc5 21.
Qc4 Qxc4 22. Bxc4 Kf8 23. Nd4 Bc7 24. Be2 Bb6 25. Bf3 Bxd4 26. cxd4 Rd7 27. Kf1
Rad8 28. Ke2 Rxd4 29. Rxd4 Rxd4 30. Rc1 Rd7 31. Rc8+ Ke7 32. Ra8 b6 33. b4 Nd5
34. Bxd5 exd5 35. Kd3 Ke6 36. Kd4 Rc7 37. a3 g6 38. g4 Rd7 39. f3 Kf6 40. h4
Ke6 41. Re8+ Kf6 42. Ra8 Ke7 43. Rh8 Rc7 44. Ra8 Ke6 45. Re8+ Kd7 46. Ra8 Kc6
47. a4 Kd6 48. Rd8+ Ke7 49. Ra8 Ke6 1/2-1/2

[Event "Olimpiada Dresden 2008 Femenina"]
[Site "Dresden GER"]
[Date "2008.11.19"]
[Round "6.23"]
[White "Franciskovic, Borka"]
[Black "Endress, Anna"]
[Result "1-0"]
[WhiteElo "2275"]
[BlackElo "2067"]
[PlyCount "46"]
[EventDate "2008.11.13"]
[EventType "team-tourn"]
[EventRounds "11"]
[EventCountry "GER"]
[Source "lmi"]
[SourceDate "2008.11.13"]
[WhiteTeam "Croacia"]
[BlackTeam "Alemania"]
[WhiteTeamCountry "CRO"]
[BlackTeamCountry "GER"]

1. d4 Nf6 2. c4 e6 3. Nf3 d5 4. Nc3 dxc4 5. e4 Bb4 6. Bg5 b5 7. e5 h6 8. Bh4 g5
9. Nxg5 hxg5 10. Bxg5 Nbd7 11. Qf3 Rb8 12. exf6 Bb7 13. Qg3 c5 14. dxc5 Nxc5
15. Rd1 Bd5 16. Be2 Ne4 17. Qe3 Qb6 18. Rc1 Bc5 19. Qf4 Bxf2+ 20. Kd1 Nxg5 21.
Qxg5 Qd4+ 22. Qd2 Bxg2 23. Kc2 Be4+ 1-0

[Event "Olimpiada Dresden 2008 Femenina"]
[Site "Dresden GER"]
[Date "2008.11.19"]
[Round "6.23"]
[White "Klek, Hanna-Marie"]
[Black "Sargac, Rajna"]
[Result "0-1"]
[WhiteElo "2004"]
[BlackElo "2195"]
[PlyCount "98"]
[EventDate "2008.11.13"]
[EventType "team-tourn"]
[EventRounds "11"]
[EventCountry "GER"]
[Source "lmi"]
[SourceDate "2008.11.13"]
[WhiteTeam "Alemania"]
[BlackTeam "Croacia"]
[WhiteTeamCountry "GER"]
[BlackTeamCountry "CRO"]

1. e4 e6 2. d3 d5 3. Nd2 c5 4. Ngf3 Nc6 5. g3 Nf6 6. Bg2 Be7 7. O-O O-O 8. Re1
Qc7 9. e5 Nd7 10. Qe2 b5 11. Nf1 a5 12. h4 Ba6 13. N1h2 Rfc8 14. Bf4 b4 15. Bh3
h6 16. Ng4 Bf8 17. c4 Nb6 18. Rac1 Rd8 19. b3 dxc4 20. dxc4 Bb7 21. Rcd1 a4 22.
Bg2 Na5 23. Qc2 axb3 24. axb3 Rxd1 25. Qxd1 Rd8 26. Qc2 Qd7 27. Qa2 Nc6 28. Ne3
Nd4 29. Nxd4 cxd4 30. Nf1 Bxg2 31. Kxg2 Qb7+ 32. Kg1 Nd7 33. Nd2 Nc5 34. Qb1
Be7 35. Ne4 Nxe4 36. Rxe4 d3 37. Re1 g5 38. hxg5 hxg5 39. Bd2 Kg7 40. Qd1 Rh8
41. f3 g4 42. Re4 gxf3 43. Qxf3 Qa7+ 44. Kg2 Qa2 45. Rg4+ Kf8 46. Qxd3 Qa1 47.
Qd4 Qh1+ 48. Kf2 Rh2+ 49. Ke3 Qd1 0-1

[Event "Olimpiada Dresden 2008 Femenina"]
[Site "Dresden GER"]
[Date "2008.11.19"]
[Round "6.24"]
[White "Hamid, Rani"]
[Black "Cmilyte, Viktorija"]
[Result "0-1"]
[WhiteElo "2132"]
[BlackElo "2512"]
[PlyCount "118"]
[EventDate "2008.11.13"]
[EventType "team-tourn"]
[EventRounds "11"]
[EventCountry "GER"]
[Source "lmi"]
[SourceDate "2008.11.13"]
[WhiteTeam "Bangladesh"]
[BlackTeam "Lituania"]
[WhiteTeamCountry "BAN"]
[BlackTeamCountry "LTU"]

1. e4 c5 2. Nf3 Nc6 3. d4 cxd4 4. Nxd4 Nf6 5. Nc3 e5 6. Ndb5 d6 7. Bg5 a6 8.
Na3 b5 9. Nd5 Be7 10. Bxf6 Bxf6 11. c3 Bg5 12. Nc2 Rb8 13. Be2 O-O 14. O-O a5
15. Nce3 Bxe3 16. Nxe3 Be6 17. Bg4 Qd7 18. Bf5 Ne7 19. Qd3 Rfd8 20. Rad1 Nxf5
21. Nxf5 g6 22. Ne3 Bxa2 23. Ra1 Qe6 24. Qd2 Bc4 25. Rfd1 Bb3 26. Re1 a4 27. h3
Kh8 28. g4 Rd7 29. Ng2 d5 30. exd5 Rxd5 31. Qh6 Qd6 32. Re3 Qf8 33. Qxf8+ Rxf8
34. Rae1 Rd2 35. Rxe5 Rxb2 36. Ra1 Be6 37. Ne3 Ra8 38. Ra3 Kg7 39. h4 Rd8 40.
Re4 Rdd2 41. Rf4 h6 42. Kg2 g5 43. hxg5 hxg5 44. Rf3 Rb3 45. Ra1 a3 46. Nf5+
Bxf5 47. Rxf5 a2 48. Rxg5+ Kf6 49. Rf5+ Kg6 50. Rh5 Rb1 51. Rh1 Rxh1 52. Rxh1
Rc2 53. Ra1 Kg5 54. Kf3 Rxc3+ 55. Ke4 Rc2 56. f4+ Kxg4 57. Rg1+ Kh4 58. f5 b4
59. Kf4 Rf2+ 0-1

[Event "Olimpiada Dresden 2008 Femenina"]
[Site "Dresden GER"]
[Date "2008.11.19"]
[Round "6.24"]
[White "Daulyte, Deimante"]
[Black "Shamima, Akter Liza"]
[Result "1-0"]
[WhiteElo "2278"]
[BlackElo "2094"]
[PlyCount "167"]
[EventDate "2008.11.13"]
[EventType "team-tourn"]
[EventRounds "11"]
[EventCountry "GER"]
[Source "lmi"]
[SourceDate "2008.11.13"]
[WhiteTeam "Lituania"]
[BlackTeam "Bangladesh"]
[WhiteTeamCountry "LTU"]
[BlackTeamCountry "BAN"]

1. d4 Nf6 2. Nf3 d5 3. c4 e6 4. Nc3 c6 5. Bg5 Nbd7 6. e3 Qa5 7. Nd2 Bb4 8. Qc2
O-O 9. Be2 c5 10. O-O cxd4 11. Nb3 Qb6 12. Na4 Qc7 13. Nxd4 Bd6 14. Bxf6 Nxf6
15. g3 Bd7 16. Nc3 Rac8 17. Ndb5 Qb8 18. Nxd6 Qxd6 19. Rfd1 Qc5 20. Bd3 dxc4
21. Ne4 Nxe4 22. Bxe4 Rfd8 23. Bxb7 Rb8 24. Be4 g6 25. Rd4 Bb5 26. Rad1 Rxd4
27. Rxd4 Ba6 28. Qc3 Qb6 29. h4 h5 30. Qa3 Qb5 31. Bg2 Bb7 32. Bf1 Bd5 33. e4
Qb6 34. Qc3 Ba8 35. Rxc4 Rd8 36. Bg2 Bb7 37. Rb4 Rd1+ 38. Kh2 Qc6 39. Qb3 Rd7
40. Qe3 Qa6 41. a3 Kg7 42. Qc5 Kh7 43. Qe5 Qc6 44. Qf6 Qc7 45. Rd4 Rxd4 46.
Qxd4 Bc6 47. e5 Bxg2 48. Kxg2 Qa5 49. Qc3 Qa4 50. Qb4 Qd7 51. Qe4 Kg7 52. b3
Qb5 53. Qe3 a6 54. a4 Qb4 55. Qd3 a5 56. Qc4 Qd2 57. Qe4 Qc3 58. Qe3 Qb4 59.
Qd3 Qe1 60. Qd4 Kg8 61. Qe3 Qb4 62. Kf1 Kg7 63. Ke2 Kg8 64. Kd1 Kg7 65. Kc2 Kg8
66. Kb2 Kg7 67. Qc3 Qb6 68. f4 Qf2+ 69. Ka3 Qb6 70. Qd2 Qg1 71. Qc3 Qb6 72. Qe1
Qd4 73. Ka2 Qd3 74. Kb2 Qd4+ 75. Qc3 Qf2+ 76. Ka3 Qb6 77. Qe1 Qd4 78. Ka2 Qd3
79. Kb2 Qd4+ 80. Kc2 Qc5+ 81. Qc3 Qf2+ 82. Kb1 Qg1+ 83. Ka2 Qf2+ 84. Ka3 1-0

[Event "Olimpiada Dresden 2008 Femenina"]
[Site "Dresden GER"]
[Date "2008.11.19"]
[Round "6.24"]
[White "Sarakauskiene, Zivile"]
[Black "Parveen, Tanima"]
[Result "1-0"]
[WhiteElo "2188"]
[BlackElo "2066"]
[PlyCount "79"]
[EventDate "2008.11.13"]
[EventType "team-tourn"]
[EventRounds "11"]
[EventCountry "GER"]
[Source "lmi"]
[SourceDate "2008.11.13"]
[WhiteTeam "Lituania"]
[BlackTeam "Bangladesh"]
[WhiteTeamCountry "LTU"]
[BlackTeamCountry "BAN"]

1. e4 e5 2. Nf3 Nc6 3. d4 exd4 4. Bc4 Nf6 5. e5 d5 6. Bb5 Ne4 7. O-O Bd7 8.
Bxc6 Bxc6 9. Nxd4 Bc5 10. f3 Ng5 11. Kh1 O-O 12. Nc3 Bb6 13. a4 a5 14. Nxc6
bxc6 15. f4 Ne4 16. Nxe4 dxe4 17. Qe2 f5 18. exf6 Qxf6 19. Qxe4 Kh8 20. Ra3
Rfe8 21. Qf3 Rad8 22. Rc3 Rd6 23. b3 h6 24. h3 Kh7 25. Kh2 Rde6 26. Bd2 Re4 27.
Rd3 Qb2 28. Qd1 Re2 29. Re1 Rxe1 30. Bxe1 Qf6 31. Rf3 Qf5 32. Bc3 Qc5 33. Qd3+
Kg8 34. Qg6 Re7 35. f5 Qg1+ 36. Kg3 Bf2+ 37. Rxf2 Re3+ 38. Rf3 Rxc3 39. Qe8+
Kh7 40. Rxc3 1-0